DEVELOPMENT OF MODERN EDUCATION (Record no. 17596)

MARC details
000 -LEADER
fixed length control field 00267nam a22001217a 4500
003 - CONTROL NUMBER IDENTIFIER
control field SGT
082 ## - DEWEY DECIMAL CLASSIFICATION NUMBER
Classification number 370
Item number JHA
100 ## - MAIN ENTRY--PERSONAL NAME
Personal name JHA, SANJAY RODRICK
245 ## - TITLE STATEMENT
Title DEVELOPMENT OF MODERN EDUCATION
260 ## - PUBLICATION, DISTRIBUTION, ETC. (IMPRINT)
Place of publication, distribution, etc DELHI
Name of publisher, distributor, etc SR PUB.
Year of Publication 105
300 ## - PAGE DESCRIPTION
No. of Pages 207
942 ## - ADDED ENTRY ELEMENTS (KOHA)
Source of classification or shelving scheme Dewey Decimal Classification
Koha item type Books
942 ## - ADDED ENTRY ELEMENTS (KOHA)
-- 2
Holdings
Withdrawn status Lost status Source of classification or shelving scheme Damaged status Not for loan Collection code Home library Current library Date acquired SGTU Total Checkouts Full call number Accession No. (Barcode) Date last seen Date last borrowed Bill Date Koha item type
    Dewey Decimal Classification     EDUCATION SGT Engineering Library SGT Engineering Library 16/04/2019 SGTU 3 370 JHA ED3691 12/08/2023 05/08/2023 16/04/2019 Books
    Dewey Decimal Classification     EDUCATION SGT Engineering Library SGT Engineering Library 16/04/2019 SGTU   370 JHA ED3692 16/04/2019   16/04/2019 Books
    Dewey Decimal Classification     EDUCATION SGT Engineering Library SGT Engineering Library 16/04/2019 SGTU 2 370 JHA ED3693 27/05/2026 27/05/2026 16/04/2019 Books
    Dewey Decimal Classification     EDUCATION SGT Engineering Library SGT Engineering Library 16/04/2019 SGTU   370 JHA ED3694 16/04/2019   16/04/2019 Books
    Dewey Decimal Classification     EDUCATION SGT Engineering Library SGT Engineering Library 16/04/2019 SGTU   370 JHA ED3695 16/04/2019   16/04/2019 Books